Bad-tempered ladybird (The) / (Record no. 104277)
[ view plain ]
| 000 -LEADER | |
|---|---|
| fixed length control field | 00662nam a2200193 a 4500 |
| 005 - DATE AND TIME OF LATEST TRANSACTION | |
| control field | 20140412111317.0 |
| 008 - FIXED-LENGTH DATA ELEMENTS--GENERAL INFORMATION | |
| fixed length control field | 000822s19uu xx 00 eng d |
| 020 ## - INTERNATIONAL STANDARD BOOK NUMBER | |
| International Standard Book Number | 0-14-050398-6 |
| 050 ## - LIBRARY OF CONGRESS CALL NUMBER | |
| Classification number | TR(PS E |
| Item number | Ba14 1982 |
| 100 ## - MAIN ENTRY--PERSONAL NAME | |
| Personal name | Carle, Eric |
| 245 ## - TITLE STATEMENT | |
| Title | Bad-tempered ladybird (The) / |
| Statement of responsibility, etc | Eric Carle. |
| 260 ## - PUBLICATION, DISTRIBUTION, ETC. (IMPRINT) | |
| Place of publication, distribution, etc | London : |
| Name of publisher, distributor, etc | Puffin Books, |
| Date of publication, distribution, etc | 1977. |
| 300 ## - PHYSICAL DESCRIPTION | |
| Extent | 1 v. (unp.) ; ill. |
| 440 ## - SERIES STATEMENT/ADDED ENTRY--TITLE | |
| Title | Picture Puffins |
| 520 ## - SUMMARY, ETC. | |
| Summary, etc | The bad-tempered ladybird thinks it is bigger and better than anyone else. It is mean, rude and always ready to start a fight-though not with much success. |
| 650 ## - SUBJECT ADDED ENTRY--TOPICAL TERM | |
| Topical term or geographic name as entry element | Rude-Fiction |
| 650 ## - SUBJECT ADDED ENTRY--TOPICAL TERM | |
| Topical term or geographic name as entry element | Behavior-Fiction |
| Withdrawn status | Lost status | Damaged status | Home library | Current library | Shelving location | Date acquired | Source of acquisition | Total Checkouts | Full call number | Barcode | Date last seen | Price effective from | Koha item type |
|---|---|---|---|---|---|---|---|---|---|---|---|---|---|
| Elizalde Library | Elizalde Library | Teachers Reference Section | 08/22/2000 | TR(PS E Ba14 1982 | E7257 | 04/12/2014 | 04/12/2014 | Books |